000 00727nam a22002417a 4500
003 UA-OsUOA
001 41214
007 ta
008 20080721b un ||||| |||| 00| 0 ukr d
100 _aБондаренко А.
090 _a329
_bБ81
942 _cBK
040 _aUA-OsUOA
_bukr
_cUA-OsUOA
_dUA-OsUOA
245 _aСлово в дискусії, якої не було
300 _a67 с.
955 _a1
041 _aukr
080 _a329
260 _aНімеччина
_b"Українські Вісті"
_c1972
246 3 1 _a(замість аналізи дивних потягнень пп. М. Лівицького та М. Степаненка)
650 7 _a32 Політика
_2UDC
999 _c439716
_d439716